000 00667nam a2200229 4500
003 OSt
005 20240611063657.0
006 a
008 240611b |||||||| |||| 00| 0 eng d
020 _a0736055428
040 _aDWCL-Main lib.
_cOC
082 _2third edition
_aCirc. 799.32 H427a 2007
100 _aHaywood, Kathleen M.
245 _aArchery : steps to success /
250 _athird edition
260 _aChampaign, Illinois :
_bHuman Kinetics,
_cc2007.
300 _axxvii,
_b196 p. : col. ill. ;
_c28 cm.
504 _aIncludes glossary.
650 _a1. Archery.
700 _aKathleen M Haywood
942 _2ddc
_n0
_cBK-CIRC
_ethird edition
_kCirc.
999 _c543
_d543